|
|
|
|
| LEADER |
01714nam a22003494a 4500 |
| 001 |
27851 |
| 003 |
BD-DhAAL |
| 005 |
20150919020002.0 |
| 008 |
140126s2012 ohua b 001 0 eng |
| 020 |
|
|
|a 9788131516447
|
| 020 |
|
|
|a 813151644X
|
| 020 |
|
|
|a 9780324422696 (hbk.)
|
| 020 |
|
|
|a 0324422695 (hbk.)
|
| 040 |
|
|
|a DLC
|c DLC
|d DLC
|d BD-DhAAL
|
| 050 |
0 |
0 |
|a HG4026
|b .B669 2008
|
| 082 |
0 |
0 |
|a 658.15
|2 22
|
| 999 |
|
|
|c 14150
|d 14150
|
| 999 |
|
|
|c 14150
|
| 100 |
1 |
|
|a Brigham, Eugene F.,
|d 1930-
|9 3758
|
| 245 |
1 |
0 |
|a Financial management :
|b theory and practice /
|c Eugene F. Brigham, Michael C. Ehrhardt.
|
| 250 |
|
|
|a 12th ed.
|
| 260 |
|
|
|a Mason, Ohio ;
|a Delhi :
|b Thomson/South-Western ;
|b Cengage Learning
|c c2012.
|
| 300 |
|
|
|a xxix, 1067 p. :
|b ill. ;
|c 26 cm.
|
| 504 |
|
|
|a Includes bibliographical references and index.
|
| 541 |
|
|
|e 27851, 27852
|
| 650 |
|
0 |
|a Corporations
|x Finance.
|9 6573
|
| 700 |
1 |
|
|a Ehrhardt, Michael C.,
|d 1955-
|9 3760
|
| 942 |
|
|
|2 ddc
|c BK
|0 1
|
| 952 |
|
|
|0 0
|1 0
|2 ddc
|4 0
|6 658_150000000000000_BRI
|7 0
|9 23852
|a BRACUL
|b BRACUL
|c GEN
|d 2014-01-26
|e Trim Education
|g 975.00
|l 19
|m 162
|o 658.15 BRI
|p 3010027851
|r 2025-01-17
|s 2024-10-27
|t 1
|w 2014-01-26
|y BK
|
| 952 |
|
|
|0 0
|1 0
|2 ddc
|4 0
|6 658_150000000000000_BRI
|7 0
|9 23853
|a BRACUL
|b BRACUL
|c GEN
|d 2014-01-26
|e Trim Education
|g 975.00
|l 22
|m 209
|o 658.15 BRI
|p 3010027852
|r 2025-11-06
|s 2025-10-30
|t 2
|w 2014-01-26
|y BK
|
| 952 |
|
|
|0 0
|1 0
|2 ddc
|4 0
|6 658_150000000000000_BRI
|7 0
|9 23854
|a BRACUL
|b BRACUL
|c AV
|d 2014-01-26
|e Karim International
|l 0
|o 658.15 BRI
|p 4010027851
|r 2014-01-26
|t 1
|w 2014-01-26
|y AV
|
| 952 |
|
|
|0 0
|1 0
|2 ddc
|4 0
|6 658_150000000000000_BRI
|7 0
|9 23855
|a BRACUL
|b BRACUL
|c AV
|d 2014-01-26
|e Karim International
|l 3
|o 658.15 BRI
|p 4010027852
|r 2014-03-04
|s 2014-03-04
|t 2
|w 2014-01-26
|y AV
|